|
|
|
|
| LEADER |
00000nam a2200000 a 4500 |
| 001 |
vtls001357609 |
| 003 |
SK-MaSNL |
| 005 |
20260416165050.0 |
| 008 |
240314s1990 xr 0 cze |
| 020 |
|
|
|a 8070661569
|
| 035 |
|
|
|a SNK000311109
|
| 040 |
|
|
|a SNK
|b slo
|c SNK
|e AACR2
|
| 041 |
0 |
|
|a cze
|
| 044 |
|
|
|a CZ
|
| 100 |
1 |
|
|a Roubík, Vladimír
|4 aut
|9 278353
|
| 245 |
1 |
0 |
|a Základy elektřiny a magnetismu
|b určeno pro posluchače studijních středisek ÚJOP
|c Vladimír Roubík
|
| 260 |
|
|
|a Praha
|b Státní pedagogické nakladatelství
|c 1990
|
| 300 |
|
|
|a 50 s.
|c 4°
|
| 919 |
|
|
|a 80-7066-156-9
|
| 958 |
|
|
|a RK
|
| 958 |
|
|
|a OND
|
| 999 |
|
|
|c 720489
|d 722419
|
| 952 |
|
|
|t P60, <04>, [BOOK], {604}
|a SNK
|b SNK
|y VYP
|7 0
|o snkIB 63744
|i snkKIP 3361/90
|0 0
|1 0
|4 0
|d 1999-03-12
|l 0
|r 2005-01-02 00:00:00
|w 2026-02-23
|
| 952 |
|
|
|t P60, <04>, [BOOK], {604}
|a SNK
|b SNK
|y VYP
|7 0
|o snkIB 63744 D1
|i snkKIP 3362/90
|0 0
|1 0
|4 0
|d 1999-03-12
|l 0
|r 2005-01-02 00:00:00
|w 2026-02-23
|